00438 2200181 4500001002100000005001500021008004100036020001800077035001900095041000700114082000800121090001400129100001600143245003300159260003100192300001800223650001500241INLIS00000000001854020241224115525241224||||||||| | ||| |||| || |  a979-526-355-2 0010-1224018540 aid0 a813 a813 TIR u0 aTirry Andio00aUNTUK MASA DEPAN ANAK BANGSA aBandungbBumi Aksarac2007 a64hlm;14x21cm 0anovel anak